[Event "Trzcianka Dziedzic Memorial 3rd"]
[Site "Trzcianka"]
[Date "2013.03.03"]
[Round "1"]
[White "Kempinski, Robert"]
[Black "Palasz, Michal"]
[Result "1-0"]
[WhiteElo "2599"]
[BlackElo "1698"]
[PlyCount "51"]
[EventDate "2013.03.03"]
[EventType "swiss (rapid)"]
[EventRounds "9"]
[EventCountry "POL"]
[SourceTitle "CBM 153 Extra"]
[Source "ChessBase"]
[SourceDate "2013.04.22"]
[SourceVersion "1"]
[SourceVersionDate "2013.04.22"]
[SourceQuality "1"]

1. d4 d5 2. Nf3 c6 3. c4 e6 4. Nbd2 Nf6 5. e3 Nbd7 6. Bd3 Qc7 7. 0-0 Be7 8. e4 dxe4 9. Nxe4 Nxe4 10. Bxe4 Nf6 11. Bc2 Bd7 12. Re1 h6 13. Ne5 Bd6 14. Bf4 0-0-0 15. c5 Bxe5 16. Bxe5 Qa5 17. a3 Rde8 18. b4 Qd8 19. a4 Rhg8 20. b5 Nd5 21. Qd2 f6 22. Bd6 g5 23. Rab1 h5 24. b6 a6 25. Qa5 Nf4 26. Qxa6 1-0

[Event "Poznan op 20th"]
[Site "Poznan"]
[Date "2011.07.17"]
[Round "2"]
[White "Raczynski, Krzysztof"]
[Black "Palasz, Michal"]
[Result "1-0"]
[WhiteElo "1494"]
[BlackElo "1747"]
[PlyCount "67"]
[EventDate "2011.07.16"]
[EventType "swiss"]
[EventRounds "9"]
[EventCountry "POL"]
[SourceTitle "CBM 143 Extra"]
[Source "ChessBase"]
[SourceDate "2011.08.29"]
[SourceVersion "1"]
[SourceVersionDate "2011.08.29"]
[SourceQuality "1"]

1. e4 c5 2. Nf3 Nc6 3. d4 cxd4 4. Nxd4 e6 5. Be3 Qc7 6. a3 Nf6 7. Nc3 Be7 8. f3 0-0 9. Qd2 a6 10. 0-0-0 d5 11. exd5 Nxd5 12. Nxd5 exd5 13. g4 Nxd4 14. Bxd4 b5 15. Re1 Bb7 16. Bd3 Bd6 17. Kb1 Bc6 18. h4 a5 19. g5 b4 20. axb4 axb4 21. b3 Rfd8 22. h5 Bf4 23. Re3 Bxe3 24. Qxe3 Re8 25. Qd2 Qg3 26. g6 fxg6 27. hxg6 h5 28. Qxb4 h4 29. Qc3 Rec8 30. Bxg7 Qg2 31. Rf1 Bb5 32. Qf6 Ra7 33. Bh6 Rc6 34. Qf8# 1-0

[Event "Kowalewo Pomorskie op-B"]
[Site "Kowalewo Pomorskie"]
[Date "2007.07.08"]
[Round "6.4"]
[White "Palasz, Michal"]
[Black "Hrynkiewicz, Bartosz"]
[Result "0-1"]
[WhiteElo "1718"]
[BlackElo "1957"]
[PlyCount "62"]
[EventDate "2007.07.04"]
[EventType "swiss"]
[EventRounds "9"]
[EventCountry "POL"]
[SourceTitle "EXT 2023"]
[Source "ChessBase"]
[SourceDate "2022.10.05"]
[SourceVersion "1"]
[SourceVersionDate "2022.10.05"]
[SourceQuality "1"]

1. d4 b5 2. Bf4 Bb7 3. Nd2 e6 4. Ngf3 Nf6 5. e3 b4 6. Be2 Be7 7. 0-0 Nh5 8. Bg3 Nxg3 9. fxg3 0-0 10. Ne5 d6 11. Bf3 Qc8 12. Nd3 d5 13. Nb3 Nd7 14. c3 c5 15. dxc5 bxc3 16. bxc3 Nxc5 17. Ndxc5 Bxc5 18. Nxc5 Qxc5 19. Qd4 Rac8 20. Rfc1 Rc7 21. a4 Rfc8 22. Qxc5 Rxc5 23. Ra3 Ba6 24. Bd1 e5 25. Rb3 g6 26. Kf2 d4 27. exd4 exd4 28. Rb4 dxc3 29. Be2 Bxe2 30. Kxe2 Rc4 31. Rb3 Rxa4 0-1

[Event "Kowalewo Pomorskie op-B"]
[Site "Kowalewo Pomorskie"]
[Date "2007.07.07"]
[Round "5.11"]
[White "Kowal, Mieczyslaw"]
[Black "Palasz, Michal"]
[Result "0-1"]
[WhiteElo "1845"]
[BlackElo "1718"]
[PlyCount "64"]
[EventDate "2007.07.04"]
[EventType "swiss"]
[EventRounds "9"]
[EventCountry "POL"]
[SourceTitle "EXT 2023"]
[Source "ChessBase"]
[SourceDate "2022.10.05"]
[SourceVersion "1"]
[SourceVersionDate "2022.10.05"]
[SourceQuality "1"]

1. e4 c5 2. Nf3 Nc6 3. d4 cxd4 4. Nxd4 e6 5. Be3 Nf6 6. Nxc6 bxc6 7. Bd3 d5 8. exd5 cxd5 9. 0-0 Be7 10. Nc3 0-0 11. Ne2 Ng4 12. Bd2 Ne5 13. Nf4 Nxd3 14. Nxd3 Bf6 15. Rb1 Ba6 16. Qf3 e5 17. Qg3 e4 18. Nf4 Bxf1 19. Kxf1 Be5 20. h4 Qc7 21. c3 Qc4+ 22. Kg1 Qxa2 23. Re1 Qxb2 24. Qe3 Bxf4 25. Qxf4 a5 26. h5 Ra6 27. Re2 Qb1+ 28. Re1 Qb8 29. Qg4 f5 30. Qh4 h6 31. Bf4 Qd8 32. Qg3 a4 0-1